| 000 | 00817cam a2200241 a 4500 | ||
|---|---|---|---|
| 001 | 14952251 | ||
| 005 | 20260122104921.0 | ||
| 008 | 070803s2008 cau b 001 0 eng d | ||
| 020 |
_a1412947960 _qhbk. |
||
| 020 |
_a9781412947961 _qhbk. |
||
| 020 |
_a1412947979 _qpbk. |
||
| 020 |
_a9781412947978 _qpbk. |
||
| 050 | 0 | 0 |
_aHF5415.2 _b.K59 2008 |
| 082 | 0 | 4 |
_a658.83 _222 |
| 100 | 1 | _aKolb, Bonita M. | |
| 245 | 1 | 0 |
_aMarketing research : _ba practical approach / _cBonita Kolb. |
| 260 |
_aLos Angeles : _bSAGE, _c2008. |
||
| 300 |
_axiii, 292 p. ; _c24 cm. |
||
| 650 | 0 | _aMarketing research. | |
| 856 | 4 | 2 |
_3Publisher description _uhttp://www.loc.gov/catdir/enhancements/fy0804/2007934524-d.html |
| 856 | 4 | 1 |
_3Table of contents only _uhttp://www.loc.gov/catdir/enhancements/fy0804/2007934524-t.html |
| 942 |
_2lcc _cBK _n0 |
||
| 999 |
_c8620 _d8620 |
||